| 000 | 00884nam a2200253 4500 | ||
|---|---|---|---|
| 001 | 17074 | ||
| 003 | BD-RjUL | ||
| 005 | 20211209000102.0 | ||
| 008 | 140216r 1966 nyua 000 0beng | ||
| 020 | _a0404043992 | ||
| 035 | _a(BD-RjUL)17131 | ||
| 040 |
_aDLC _cDLC _dBD-RjUL _beng |
||
| 041 | _aeng | ||
| 082 | 0 | 0 |
_a818.309 _2MOD 1966 |
| 100 | 1 |
_aMoran, John J. _952668 |
|
| 245 | 1 | 2 |
_aA defense of Edgar Allan Poe ; _bLife, character and dying declarations of the poet. An official account of his death / _cby his attending physician, John J. Moran. Washington, W. F. Boogher, 1885. |
| 260 |
_aNew York : _bAMS Press , _c1966. |
||
| 300 |
_a87 p. : _billus. ; _c23 cm. |
||
| 600 | 1 | 0 |
_aPoe, Edgar Allan, _d1809-1849 _xDeath and burial. _952669 |
| 650 | 0 |
_aAuthors, American _y19th century _xDeath. _952670 |
|
| 942 |
_2ddc _cBK |
||
| 999 |
_c17074 _d17074 |
||